000 00971cam a2200301 a 4500
001 16959581
003 OSt
005 20240710152916.0
008 110913s2011 enk b 001 0 eng d
010 _a 2011288986
016 7 _a015754320
_2Uk
020 _a9781849290517 (pbk.)
020 _a9781848591035 (ebk.)
040 _aDDC
_cMUST
042 _alccopycat
082 _a338.9 COL 2011
100 1 _aCollier, Paul.
_91733
245 1 0 _aCatching up :
_bwhat LDCs can do, and how others can help /
_cPaul Collier.
260 _aLondon :
_bCommonwealth Secretariat,
_c2011.
300 _axii, 79 p. ;
_c24 cm.
504 _aIncludes bibliographical references and index.
650 0 _aSustainable development
_zDeveloping countries.
_918672
650 0 _aGlobalization.
_9952
650 0 _aPoverty.
_98
651 0 _aDeveloping countries
_xEconomic policy.
_96905
651 0 _aDeveloping countries
_xForeign economic relations.
_91025
942 _2ddc
_cO_SHELF
999 _c9156
_d9156